000 004420000a22001810004500
003 MACL
005 20150707134420.0
008 150707b xxu||||| |||| 00| 0 eng d
040 _aMACL
_cMACL
041 _aEnglish
082 _a307/PAR
100 _aParikh, Indira J
_91120
245 _aIndian Women
_bAn Inner Dialogue
260 _bSage Pubications
_c1989
_aNew Delhi
350 _a75
650 _aSociology
_919
942 _cBK
_k307
_2ddc
999 _c5071
_d5071